| 000 | 00879cab a2200265 4500 | ||
|---|---|---|---|
| 001 | ABS45826 | ||
| 008 | 090401t1992 xxu||||| |||| 00| 0 eng d | ||
| 035 | _a(Sirsi) u55273 | ||
| 041 | _aeng | ||
| 100 | _aTimms, J. | ||
| 245 | _aHardwoods : an environmental guide | ||
| 260 | _c1992 | ||
| 350 | _a0 | ||
| 490 |
_aCS Monthly : QS Bulletin _v5(1) February 1992, iv-v(2) |
||
| 520 | _aReviews the RICS paper on environmental friendliness of hardwoods. It examines their advantages and alternative products. Includes a list of suppliers and references. | ||
| 650 | _aALTERNATIVE PRODUCTS | ||
| 650 | _aBUILT ENVIRONMENT-BUILDING MATERIALS | ||
| 650 | _aENVIRONMENTALLY FRIENDLY | ||
| 650 | _aTIMBER | ||
| 690 | _aBUILT ENVIRONMENT-BUILDING MATERIALS | ||
| 690 | _aENVIRONMENTAL AND LAND CONSULTANCY | ||
| 700 | _aGolton, B. | ||
| 942 | _n0 | ||
| 948 | _c04/03/1997 | ||
| 999 |
_c33762 _d33762 |
||